| 000 | 00520nam a2200205Ia 4500 | ||
|---|---|---|---|
| 005 | 20250505125006.0 | ||
| 008 | 008 250505s9999 xx 000 0 eng d | ||
| 037 | _aReference | ||
| 040 |
_aLCO _beng _cLCO |
||
| 041 |
_aeng _2eng |
||
| 084 |
_aZ1 R4 _qLCO |
||
| 100 | _aMittal, Raman | ||
| 245 | 0 |
_aLaw and Sprituality _cRaman Mittal |
|
| 260 |
_aNew Delhi, India _bKitabwale _c2024 |
||
| 300 | _a304 | ||
| 365 |
_aINR _b750 |
||
| 650 | _aLaw | ||
| 942 |
_cREF _hZ1 R4 |
||
| 999 |
_c1310992 _d1310992 |
||